Geography Generator Puzzle #10 - Statistics

General Stats
  • This quiz has been taken 1,254 times
  • The average score is 10 of 21
Answer Stats
Hint Answer % Correct
India's current currency rupee
85%
what Vesuvius does erupts
83%
New Zealand has 34,000,000 sheep
79%
American country Peru
75%
Nepalese mountain guide Sherpa
72%
Nicholas II was the last one, in 1917 tsar
72%
Christian festival Easter
67%
US state Utah
67%
Rigel and Polaris, for example star
66%
Terre, Erde, Tierra Earth
65%
Greek goddess, Zeus' wife Hera
61%
Spain's pre-euro currency peseta
46%
China produces most of this fruit pear
41%
before Vatican City was, this Holy is See
40%
Greek letter 1 eta
38%
Indian women's garment saree
31%
Greek letter 2 tau
20%
grassland where sheep live pasture
14%
small Buddhist dome-shape building stupa
9%
It's a river called... EUPHRATES
6%
narrow, glacier-formed, ridge arête
5%
No matching quizzes found
Score Distribution
Percent of People with Each Score
Percentile by Number Answered
Your Score History
You have not taken this quiz